| 000 | 00658nam a2200241Ia 4500 | ||
|---|---|---|---|
| 008 | 160517s9999 xx 000 0 und d | ||
| 020 | _a981-06-9945-X | ||
| 050 | _aComSc QA 76.9 | ||
| 050 | _b.C643S73 2006 | ||
| 100 | _aStallings, William. | ||
| 245 | _aComputer organization and architecture / | ||
| 245 | _cWilliam Stallings. | ||
| 250 | _a7th Edition | ||
| 260 | _aEngland : | ||
| 260 | _bPearson Educ. Limitied, | ||
| 260 | _c2006 | ||
| 300 | _a754 pages : | ||
| 300 | _bill. ; | ||
| 300 | _c23 cm. | ||
| 500 | _aIncludes bibliographical references and index. | ||
| 650 | _aComputer organization. | ||
| 650 | _xComputer architecture. | ||
| 999 |
_c294176 _d294176 |
||